000 01079nam a22002894a 4500
005 20090912103051.0
008 080724s2008 ii a b 001 0 eng
010 _aB-358109
020 _a9780195687996
_c145.00
020 _a019568799X
_c145.00
035 _aB-358109
037 _bDBAD / PUB
040 _adpl
_bEnglish
082 _a597.0954
100 _aChhapgar, B. F.
245 _aFishes of India /
_cby B.F. Chhapgar
260 _aNew Delhi
_bOxford University Press,
_c2008\
270 _aYMCA Library Building, Jai Singh Road,
_bNew Delhi
_e110001
300 _a43 p. :
_bill (some col.)
_c26cm(pbk)
440 _aNature guides
504 _aIncludes bibliographical references and index
650 _aFishes
_zIndia.
650 _aFishes
_zIndia
_vIdentification.
710 _aWorld Wildlife Fund.
942 _2ddc
_cCH
_h597.0954
_mCHH
999 _c30294
_d30294